000 00909nam a2200265Ia 4500
003 OSt
005 20220923210958.0
006 a|||||r|||| 00| 0
007 ta
008 Pun
020 _a8130202999
_c350
024 _a260,650
037 _b543, 02/12/2011, H.K. Prakashan
_cTextual
040 _aARTS
_cARTS
_bPun
041 _2Pun
_aPun
082 _aP153, 153Q1
100 _aਅਮਰਜੀਤ ਕੌਰ, ਥਦ.
_9156776
245 0 _aਪੰਜਾਬੀ ਭਾFਾ ਵਿਕਾਸ ਦੇ ਬਦਲਦੇ ਪਰਿਪੇਖ
260 _aਪਟਿਆਲਾ
_b ਪਬਲੀਕੇFਨ ਬਿਊਰੋ
_c2011
300 _a403ਪੰ
_ccm.
650 _a ਪੰਜਾਬੀ ਭਾFਾ
_9156777
650 _aਪੰਜਾਬੀ ਭਾFਾ
_9156778
942 _hP153, 153Q1
_cTEXL
_2CC
999 _c293427
_d293427